000 00594nam a22001817a 4500
005 20251108164825.0
008 250721s1981 xx 000 0 ara d
082 1 4 _a371.2009565/ارد
245 1 0 _aدليل الإدارة التعليمية /
264 1 _aعمان :
_bوزارة التربية والتعليم - مديرية التعليم،
_c1981.
300 _a67ص
650 1 7 _aالمدارس
650 1 7 _aالإدارة التربوية
650 1 7 _aالأردن
710 2 _aالأردن . وزارة التربية و التعليم
942 _2ddc
_cBK
999 _c15234
_d15234